01838cam a22004934i 4500003000900000005001700009008004100026020001500067035002700082040003300109049000900142082001900151100002800170245006900198264007300267300003800340336002100378337002500399338002300424505005900447526001000506526001000516526000900526526000900535526000900544526000900553526000900562526000900571526000900580526000800589526000800597526000800605526000800613526000800621650004900629910001800678942001400696949019700710994001400907596000600921999022200927980005501149952014001204PE-LiUPU20250731165620.0150616s r 000 0 d a0802821014 a(Sirsi) i9780802821010 aPE-LiUPUbspacPE-LiUPUerda aPRUA04a281.4bS312211 aSchaff, Philip,eautor.10aNicene and Post-Nicene Fathers of The Christian Church.n11.n2. 1aGrand Rapids, Michigan :bWM. B. Eerdmans Publishing Company,c1978. a641 páginas ;c25 centímetros atext2rdacontent aunmediated2rdamedia avolume2rdacarrier0 aSulpitius severus.- Vicent of lérins.- John Cassian. aSEG44 aSEG26 aP151 aP150 aP149 aP146 aP145 aP126 aP125 aP92 aP75 aP74 aP27 aP1504aSULPICIO SEVERO, 363-420 - HISTORIA SAGRADA. ajckbjvqcjck 2ddccBOOK aRC 281.4 S31 11.2wDEWEYc1i20475lCCODEBUL1mBULr0sYtBOOKu2015-6-16xTEOLOGIAzUNKNOWN0COMPRAo.CIRCNOTE. No olvidar cambiar la fecha de devolución!!!!!!!o.STAFF. Colección General aC0bPEPRU a1 aRC 281.4 S31 11.2wDEWEYc57169i20475f2021-11-8g6lCCODEBUL1mBULr1sYtBOOKu2015-6-16xTEOLOGIAzUNKNOWN0COMPRAo.CIRCNOTE. No olvidar cambiar la fecha de devolución!!!!!!!o.STAFF. Colección Generald57169 81gALBERTO SANCHEZ Responsable de Automatización r2025-12-02 00:00:00i7l0oRC 281.4 S31 11.2p20475te1w2015-06-16xFTyREF102ddc50718REFfP35aBULbBULcREFd2015-06-16eCOMPRA